000 00516pab a2200181 454500
008 180718b2009 xxu||||| |||| 00| 0 eng d
100 _aHilber, Christian A.L.
245 _aWhy do households without children support local public schools? Linking house price capitalization to school spending
260 _c2009
300 _ap.74-90.
362 _aJan
650 _aSchools
650 _aHouseholds
700 _aMayer, Christopher
773 _aJournal of Urban Economics
908 _aN
909 _a81533
999 _c81533
_d81533